Stamps of the World 3 - Statistics

General Stats
  • This quiz has been taken 14 times
  • The average score is 9 of 15
Answer Stats
Picture Answer % Correct
Austria
100%
Philippines
100%
Russia
100%
Lebanon
85%
Taiwan
77%
Georgia
69%
Kyrgyzstan
69%
Armenia
54%
Bavaria
54%
Nepal
54%
Burma
38%
Liechtenstein
31%
Western Australia
31%
Guernsey
15%
Abkhazia
8%
No matching quizzes found
Score Distribution
Percent of People with Each Score
Percentile by Number Answered
Your Score History
You have not taken this quiz